| 000 -LEADER |
| fixed length control field |
nam a22 a 4500 |
| 003 - CONTROL NUMBER IDENTIFIER |
| control field |
AM-YeNLA |
| 005 - DATE AND TIME OF LATEST TRANSACTION |
| control field |
20260408164705.0 |
| 007 - PHYSICAL DESCRIPTION FIXED FIELD--GENERAL INFORMATION |
| fixed length control field |
ta |
| 008 - FIXED-LENGTH DATA ELEMENTS--GENERAL INFORMATION |
| fixed length control field |
260408s2025 ai ac||gr|||||000|p|arm|| |
| 020 ## - INTERNATIONAL STANDARD BOOK NUMBER |
| International Standard Book Number |
978-9939-78-416-8 |
| 040 ## - CATALOGING SOURCE |
| Language of cataloging |
arm |
| Transcribing agency |
AM-YeNLA |
| 041 0# - LANGUAGE CODE |
| Language code of text/sound track or separate title |
arm |
| 041 0# - LANGUAGE CODE |
| Language code of text/sound track or separate title |
per |
| 100 1# - MAIN ENTRY--PERSONAL NAME |
| 9 (RLIN) |
26901 |
| Personal name |
Իսահակյան, Ավետիք, |
| Dates associated with a name |
1875-1957 |
| 245 10 - TITLE STATEMENT |
| Title |
Աբու-Լալա Մահարի ։ |
| Remainder of title |
[Պոեմ] : Հայերեն-պարսկերեն = ابو العلاء معری / |
| Statement of responsibility, etc. |
Ա. Իսահակյան ; Առաջաբանի հեղինակ՝ Ա. Իսահակյան, Ն. Մեհրաբյան, [Ձևավորումը՝ Ա. Ուռուտյանի, Սրբագրիչ՝ Ռ. Մեսրոպյան] ; Ավետիք Իսահակյանի տուն-թանգարան. |
| 246 11 - VARYING FORM OF TITLE |
| Title proper/short title |
ابو العلاء معری |
| 260 ## - PUBLICATION, DISTRIBUTION, ETC. (IMPRINT) |
| Place of publication, distribution, etc. |
Երևան : |
| Name of publisher, distributor, etc. |
Արմավ, |
| Date of publication, distribution, etc. |
2025. |
| 300 ## - PHYSICAL DESCRIPTION |
| Extent |
40 ; 37 էջ ։ |
| Other physical details |
դիմանկար, նկար ; |
| Dimensions |
23 սմ․ |
| 504 ## - BIBLIOGRAPHY, ETC. NOTE |
| Bibliography, etc |
Տողատակերում՝ մատենագիտական ծանոթագրություներ ։ |
| 546 ## - LANGUAGE NOTE |
| Language note |
Բնագիրը զուգահեռ՝ հայերեն և պարսկերեն ։ |
| 650 14 - SUBJECT ADDED ENTRY--TOPICAL TERM |
| 9 (RLIN) |
33763 |
| Topical term or geographic name as entry element |
Հայ պոեզիա |
| 700 1# - ADDED ENTRY--PERSONAL NAME |
| Personal name |
Մեսրոպյան, Ռ. |
| Relator term |
սրբագրիչ |
| Relator code |
crr |
| 700 1# - ADDED ENTRY--PERSONAL NAME |
| Personal name |
Ուռուտյան, Ա. |
| Relator term |
ձևավորող |
| Relator code |
bkd |
| 700 1# - ADDED ENTRY--PERSONAL NAME |
| Personal name |
Իսահակյան, Ավիկ |
| Relator term |
առաջաբանի հեղինակ |
| Relator code |
aui |
| 700 1# - ADDED ENTRY--PERSONAL NAME |
| Personal name |
Մեհրաբյան, Նորայր |
| Relator term |
առաջաբանի հեղինակ |
| Relator code |
aui |
| 710 2# - ADDED ENTRY--CORPORATE NAME |
| Corporate name or jurisdiction name as entry element |
Ավետիք Իսահակյանի տուն-թանգարան |
| 9 (RLIN) |
34908 |
| 942 ## - ADDED ENTRY ELEMENTS (KOHA) |
| Source of classification or shelving scheme |
|
| Koha item type |
Books |